[Event "13. Lichtenberger Sommer"]
[Site "?"]
[Date "2014.08.21"]
[Round "6.108"]
[White "Bolle, Dietrich"]
[Black "Kossuewa, Fatima"]
[Result "1-0"]
[WhiteElo "1655"]
[BlackElo "797"]
[PlyCount "87"]
[EventDate "2014.??.??"]
[WhiteTeam "SG Eckturm"]
[BlackTeam "SC Friesen Lichtenberg e.V."]

1. d4 d5 2. Nf3 Nf6 3. c4 dxc4 4. Nc3 Bf5 5. e3 e6 6. Bxc4 Bb4 7. O-O O-O 8.
Bd2 c6 9. a3 Bxc3 10. Bxc3 Nbd7 11. Ne5 Nxe5 12. dxe5 Qxd1 13. Rfxd1 Ne4 14.
Bb3 c5 15. Be1 f6 16. f3 Ng5 17. e4 Bg6 18. exf6 Rxf6 19. Bc3 Rf4 20. Bd2 Nxf3+
21. gxf3 Rxf3 22. Bxe6+ Kh8 23. Bg5 h6 24. Rd8+ Rxd8 25. Bxd8 Bxe4 26. Rf1
Rxf1+ 27. Kxf1 g5 28. Bf6+ Kh7 29. Be7 b6 30. Kf2 Kg6 31. Kg3 Bf5 32. Bc4 Bd7
33. Bd6 Kf6 34. Bb8 a6 35. Bxa6 b5 36. Bd6 c4 37. Bb4 Ke5 38. Bc3+ Ke4 39. Bb7+
Ke3 40. Bf3 Kd3 41. Bh5 Ke4 42. h4 Kf5 43. Bg4+ Kg6 44. h5+ 1-0

[Event "13. Lichtenberger Sommer"]
[Site "?"]
[Date "2014.08.21"]
[Round "6.109"]
[White "Eichstädt, Torsten"]
[Black "Toth, Hans-Jürgen"]
[Result "0-1"]
[WhiteElo "967"]
[BlackElo "1631"]
[PlyCount "48"]
[EventDate "2014.??.??"]
[WhiteTeam "SC Friesen Lichtenberg e.V."]
[BlackTeam "Schachfreunde Zehdenick 76 e.V."]

1. Nf3 f5 2. d4 Nf6 3. g3 e6 4. Bg2 d5 5. Ne5 Bd6 6. Bf4 O-O 7. c4 c6 8. c5 Be7
9. b4 Nbd7 10. O-O Nh5 11. Nxd7 Bxd7 12. Be5 Nf6 13. Nd2 Ng4 14. Nf3 Nxe5 15.
Nxe5 Bf6 16. f4 Bxe5 17. fxe5 g5 18. e3 g4 19. h3 gxh3 20. Bxh3 Qg5 21. Rf4
Qxg3+ 22. Bg2 Qxe3+ 23. Rf2 Rf7 24. Qf3 Qxd4 0-1

[Event "13. Lichtenberger Sommer"]
[Site "?"]
[Date "2014.08.21"]
[Round "6.110"]
[White "Gnaß, Erhard"]
[Black "Gazaev, Ansor"]
[Result "1-0"]
[WhiteElo "1539"]
[BlackElo "700"]
[PlyCount "69"]
[EventDate "2014.??.??"]
[WhiteTeam "SK Zehlendorf e.V."]
[BlackTeam "SC Friesen Lichtenberg e.V."]

1. Nf3 Nc6 2. b3 e5 3. Bb2 d6 4. g3 Be6 5. Bg2 Rb8 6. O-O Qf6 7. d3 d5 8. Nbd2
Bd6 9. e4 d4 10. Nc4 b5 11. Nxd6+ cxd6 12. Nd2 Nge7 13. f4 O-O 14. f5 Bd7 15.
a3 g6 16. fxg6 Qxg6 17. a4 b4 18. Nc4 Qe6 19. Bc1 Kg7 20. Bg5 f6 21. Bh4 d5 22.
exd5 Nxd5 23. Bxd5 Qxd5 24. Qf3 Be6 25. Qxd5 Bxd5 26. Nd6 Be6 27. Ne4 f5 28.
Nc5 Nd8 29. Bxd8 Rfxd8 30. Nxe6+ Kf7 31. Nxd8+ Rxd8 32. Rxf5+ Ke6 33. Rh5 Rh8
34. Re1 Kd6 35. Rexe5 1-0

[Event "13. Lichtenberger Sommer"]
[Site "?"]
[Date "2014.08.21"]
[Round "6.112"]
[White "Dittrich, Hans-Jürgen"]
[Black "Pilgrim, Wilfried"]
[Result "1-0"]
[WhiteElo "1166"]
[BlackElo "1459"]
[PlyCount "49"]
[EventDate "2014.??.??"]
[WhiteTeam "vereinslos"]
[BlackTeam "SC Kreuzberg e.V."]

1. c4 c5 2. g3 Nc6 3. Bg2 Nf6 4. Nc3 a6 5. e3 e6 6. Nge2 d5 7. Qa4 Bd7 8. cxd5
Nb4 9. Qd1 Nd3+ 10. Kf1 Rb8 11. Ne4 Ne5 12. dxe6 Bxe6 13. Nxf6+ Qxf6 14. Qa4+
Bd7 15. Qf4 Be7 16. b3 Qxf4 17. exf4 Nd3 18. Rb1 Bf5 19. Nc3 O-O 20. Be4 Bxe4
21. Nxe4 f5 22. Ng5 Bxg5 23. fxg5 Rbe8 24. Ba3 Re2 25. Kxe2 1-0

[Event "13. Lichtenberger Sommer"]
[Site "?"]
[Date "2014.08.21"]
[Round "6.113"]
[White "Walther, Lothar"]
[Black "Stiemerling, Karl-Heinz"]
[Result "0-1"]
[WhiteElo "1530"]
[BlackElo "1579"]
[PlyCount "88"]
[EventDate "2014.??.??"]
[WhiteTeam "SV Turbine Berlin e.V."]
[BlackTeam "SG Eckturm"]

1. d4 d5 2. Nf3 c6 3. Nc3 Nf6 4. Bf4 Nbd7 5. g3 Nh5 6. Bd2 g6 7. Bg2 Bg7 8. e4
dxe4 9. Nxe4 Nhf6 10. Nxf6+ Nxf6 11. O-O O-O 12. c3 Bg4 13. Qc2 Bf5 14. Qb3 b5
15. Nh4 Bd3 16. Rfe1 Bc4 17. Qc2 Bd5 18. b3 Bxg2 19. Nxg2 Qd7 20. Re2 Rad8 21.
Rae1 e6 22. Bg5 h6 23. Bd2 a5 24. Nh4 g5 25. Nf3 Nh7 26. Ne5 Bxe5 27. Rxe5 Rde8
28. f4 f6 29. R5e2 Qd5 30. Qg6+ Kh8 31. f5 Rg8 32. Qxh6 Qxf5 33. Rf2 Qg6 34.
Qh3 g4 35. Qh4 Kg7 36. Bf4 Rh8 37. h3 gxh3 38. Qxh3 Ng5 39. Qg2 Nh3+ 40. Kf1
Nxf2 41. Kxf2 e5 42. dxe5 fxe5 43. Bxe5+ Rxe5 44. Re3 Rf8+ 0-1

[Event "13. Lichtenberger Sommer"]
[Site "?"]
[Date "2014.08.22"]
[Round "7.1"]
[White "Kurayan, Ruslan"]
[Black "Stern, Rene"]
[Result "1/2-1/2"]
[WhiteElo "2398"]
[BlackElo "2542"]
[PlyCount "72"]
[EventDate "2014.??.??"]
[WhiteTeam "Gouverment Chersonsk"]
[BlackTeam "SK König Tegel 1949 e.V."]

1. e4 e5 2. Nf3 Nc6 3. d4 exd4 4. Nxd4 Nf6 5. Nxc6 bxc6 6. e5 Qe7 7. Qe2 Nd5 8.
c4 Nb6 9. Nc3 Ba6 10. Qe4 f6 11. f4 O-O-O 12. c5 Bxf1 13. cxb6 Ba6 14. bxa7 Kb7
15. Be3 fxe5 16. fxe5 d5 17. exd6 Rxd6 18. Qb4+ Bb5 19. a8=Q+ Kxa8 20. Qa5+ Kb7
21. Qa7+ Kc8 22. Nxb5 cxb5 23. O-O Qe4 24. Rac1 Qb7 25. Qxb7+ Kxb7 26. Rf5 Rd3
27. Kf2 b4 28. Ke2 Rd7 29. Rb5+ Kc8 30. Ba7 Rd8 31. Rb8+ Kd7 32. Rd1+ Bd6 33.
Rxb4 Ra8 34. Bc5 Rxa2 35. Bxd6 cxd6 36. Rb6 Kc7 1/2-1/2

[Event "13. Lichtenberger Sommer"]
[Site "?"]
[Date "2014.08.22"]
[Round "7.2"]
[White "Brüdigam, Martin"]
[Black "Braun, Arik"]
[Result "0-1"]
[WhiteElo "2342"]
[BlackElo "2544"]
[PlyCount "114"]
[EventDate "2014.??.??"]
[WhiteTeam "SK König Tegel 1949 e.V."]
[BlackTeam "SC Eppingen"]

1. e4 c6 2. d4 d5 3. Nc3 dxe4 4. Nxe4 Bf5 5. Ng3 Bg6 6. h4 h6 7. Nf3 Nd7 8. h5
Bh7 9. Bd3 Bxd3 10. Qxd3 e6 11. Bd2 Ngf6 12. O-O-O Be7 13. Ne4 O-O 14. g4 Nxg4
15. Rhg1 f5 16. Qc4 Rf7 17. Nc3 Nf8 18. Ne5 Nxe5 19. dxe5 Qc7 20. f4 Rd8 21.
Be3 a6 22. a4 Rb8 23. Ba7 Rc8 24. Bc5 b5 25. Qd4 Bxc5 26. Qxc5 Rd8 27. Rxd8
Qxd8 28. Qxc6 Qd4 29. Rf1 b4 30. Nd1 a5 31. Qf3 Rc7 32. Kb1 Qd7 33. b3 Qd2 34.
Rf2 Qd4 35. Nb2 Rc3 36. Nd3 Qe4 37. Qxe4 fxe4 38. Nb2 g6 39. Nc4 gxh5 40. Nd6
e3 41. Rg2+ Kh8 42. Ne8 Ng6 43. Nf6 e2 44. Rxe2 Nxf4 45. Rd2 Kg7 46. Rf2 Nd5
47. Nxh5+ Kg6 48. Nf4+ Nxf4 49. Rxf4 Kg5 50. Rf6 Rc6 51. Kc1 h5 52. Kd2 h4 53.
Ke1 Rxc2 54. Kf1 Rc6 55. Kg2 Kg4 56. Kf2 h3 57. Rh6 Rc1 0-1

[Event "13. Lichtenberger Sommer"]
[Site "?"]
[Date "2014.08.22"]
[Round "7.3"]
[White "Meister, Jakob"]
[Black "Von Herman, Ulf"]
[Result "1-0"]
[WhiteElo "2466"]
[BlackElo "2379"]
[PlyCount "27"]
[EventDate "2014.??.??"]
[WhiteTeam "SK Zehlendorf e.V."]
[BlackTeam "SK König Tegel 1949 e.V."]

1. d4 Nf6 2. Bf4 c5 3. dxc5 Na6 4. Qd4 Qa5+ 5. Nc3 Qxc5 6. Qd2 g6 7. e4 d6 8.
O-O-O Bd7 9. Nf3 O-O-O 10. Bxa6 bxa6 11. e5 Ng4 12. exd6 Qxf2 13. Qd5 Qb6 14.
Qa8+ 1-0

[Event "13. Lichtenberger Sommer"]
[Site "?"]
[Date "2014.08.22"]
[Round "7.4"]
[White "Moreno Tejera, Emilio"]
[Black "Glantz, Robert"]
[Result "1-0"]
[WhiteElo "2435"]
[BlackElo "2308"]
[PlyCount "137"]
[EventDate "2014.??.??"]
[WhiteTeam "Sfrd. Berlin 1903 e.V."]
[BlackTeam "SC Kreuzberg e.V."]

1. e4 c5 2. Nf3 Nc6 3. d4 cxd4 4. Nxd4 e5 5. Nb5 d6 6. N1c3 a6 7. Na3 b5 8. Nd5
Nce7 9. c4 Nxd5 10. exd5 bxc4 11. Nxc4 Be7 12. b4 Nf6 13. Na5 Bd7 14. Be2 O-O
15. O-O Qb8 16. Qb3 Bd8 17. Nc6 Bxc6 18. dxc6 Bb6 19. Bb2 d5 20. Rac1 Qd6 21.
Qg3 Rfe8 22. a3 Ra7 23. Bd3 Qe6 24. Qg5 h6 25. Qh4 e4 26. Bxf6 gxf6 27. Be2 Kh7
28. Kh1 f5 29. f3 Be3 30. Rcd1 Bg5 31. Qh3 f4 32. Qxe6 fxe6 33. fxe4 dxe4 34.
h4 f3 35. gxf3 Bxh4 36. fxe4 Rb8 37. Rd6 Re8 38. Rfd1 Kg6 39. Rd7 Re7 40. Rxa7
Rxa7 41. Rd6 Kf6 42. Bc4 Re7 43. Bxa6 Ke5 44. Rd2 Kxe4 45. b5 Bg5 46. Rc2 Bf4
47. b6 Bc7 48. bxc7 Rxc7 49. Re2+ Kd5 50. Bb7 Kd6 51. a4 Re7 52. a5 Kc7 53. a6
Kb6 54. Kg2 h5 55. Kf3 h4 56. Kg4 e5 57. Kxh4 e4 58. Kg4 e3 59. Kf4 Rf7+ 60.
Kxe3 Re7+ 61. Kd3 Rh7 62. Rb2+ Ka7 63. Bc8 Rh8 64. Bf5 Rd8+ 65. Kc4 Rf8 66. c7
Rxf5 67. Rb7+ Kxa6 68. c8=Q Rf4+ 69. Kd5 1-0

[Event "13. Lichtenberger Sommer"]
[Site "?"]
[Date "2014.08.22"]
[Round "7.6"]
[White "Muse, Drazen"]
[Black "Schneider, Christian"]
[Result "1-0"]
[WhiteElo "2396"]
[BlackElo "2211"]
[PlyCount "113"]
[EventDate "2014.??.??"]
[WhiteTeam "SK König Tegel 1949 e.V."]
[BlackTeam "SG Blau-Weiß Stadtilm"]

1. d4 Nf6 2. Nf3 e6 3. e3 b6 4. Bd3 Bb7 5. O-O Be7 6. c4 O-O 7. Nc3 d5 8. cxd5
exd5 9. b3 c5 10. Bb2 Nc6 11. dxc5 bxc5 12. Rc1 Nb4 13. Bb1 Ne4 14. a3 Na6 15.
Qe2 Bf6 16. Na4 Bxb2 17. Qxb2 Bc6 18. Rfd1 Qe7 19. Qe5 Qxe5 20. Nxe5 Bxa4 21.
Bxe4 dxe4 22. bxa4 Rfd8 23. g4 Kf8 24. Kg2 g5 25. Nc4 Ke7 26. Nd2 Rab8 27. Nxe4
Rxd1 28. Rxd1 Rb3 29. Rd6 Nb8 30. Rd5 Rxa3 31. Re5+ Kf8 32. Nf6 Nc6 33. Rxc5
Ne7 34. Ra5 h6 35. Nd7+ Ke8 36. Ne5 f6 37. Nc4 Rc3 38. Nd6+ Kd7 39. Nb5 Rc4 40.
Rxa7+ Kd8 41. Nd4 Rc3 42. h3 Ra3 43. Ne6+ Ke8 44. Nc7+ Kf8 45. Nb5 Ra2 46. Ra8+
Kg7 47. a5 Nc6 48. a6 Ra5 49. a7 Rxb5 50. Rg8+ Kxg8 51. a8=Q+ Nb8 52. Qa7 Kf8
53. Qh7 Rb6 54. Qc7 Rb5 55. Qc4 Rb1 56. Qe6 Kg7 57. Qe7+ 1-0

[Event "13. Lichtenberger Sommer"]
[Site "?"]
[Date "2014.08.22"]
[Round "7.7"]
[White "Sieglen, Joachim"]
[Black "Stets, Dmitry"]
[Result "1-0"]
[WhiteElo "2261"]
[BlackElo "2419"]
[PlyCount "119"]
[EventDate "2014.??.??"]
[WhiteTeam "SC Untergrombach 46"]
[BlackTeam "Schachfreunde Gerresheim 86 e.V."]

1. d4 Nf6 2. c4 g6 3. Nc3 Bg7 4. e4 d6 5. Nf3 O-O 6. Be2 e5 7. O-O Nc6 8. d5
Ne7 9. b4 Nh5 10. g3 f5 11. Ng5 Nf6 12. f3 f4 13. c5 dxc5 14. bxc5 h6 15. Ne6
Bxe6 16. dxe6 fxg3 17. Qxd8 gxh2+ 18. Kxh2 Rfxd8 19. Rb1 Rab8 20. Be3 Ne8 21.
Bc4 Kh7 22. Rf2 Nc6 23. Rfb2 Na5 24. Bf1 b6 25. Nd5 Bf6 26. e7 Rd7 27. Bd2 Nc6
28. Bb5 Rxd5 29. exd5 Nxe7 30. Bxe8 Rxe8 31. d6 cxd6 32. cxb6 e4 33. bxa7 Bxb2
34. Rxb2 Nc6 35. Rb7+ Kg8 36. fxe4 d5 37. Rc7 Nxa7 38. Rxa7 Rxe4 39. Kg3 g5 40.
Kf2 Kf8 41. a4 Ke8 42. a5 Kd8 43. Ra6 Kc7 44. Rxh6 g4 45. Rh7+ Kc6 46. a6 Ra4
47. a7 d4 48. Bb4 Ra2+ 49. Kg3 Kb5 50. Bd6 Kc6 51. Bb8 d3 52. Bf4 Ra4 53. Be3
Kd5 54. Rg7 Kc6 55. Rg8 d2 56. Rd8 Ra3 57. Kxg4 Kb7 58. Kf3 Ra2 59. Rb8+ Kc7
60. Ke2 1-0

[Event "13. Lichtenberger Sommer"]
[Site "?"]
[Date "2014.08.22"]
[Round "7.8"]
[White "Fuchs, Heinz"]
[Black "Wecker, Martin"]
[Result "1-0"]
[WhiteElo "2353"]
[BlackElo "2049"]
[PlyCount "95"]
[EventDate "2014.??.??"]
[WhiteTeam "SC Untergrombach 46"]
[BlackTeam "Godesberger Schachklub 1929 e.V."]

1. c4 c5 2. Nf3 Nc6 3. Nc3 g6 4. e3 Nf6 5. d4 cxd4 6. exd4 d5 7. Bg5 Be6 8. c5
Ne4 9. Be3 Nxc3 10. bxc3 Qa5 11. Qd2 Bg7 12. Rb1 O-O 13. Rb5 Qa3 14. Rb3 Qa5
15. Be2 b6 16. O-O bxc5 17. Rb5 Qa3 18. Rxc5 Rfc8 19. Ng5 Nd8 20. Nxe6 Nxe6 21.
Rxd5 Rxc3 22. Rd7 Rac8 23. Bg4 Rc2 24. Qd1 f5 25. Bf3 f4 26. Bd2 Nxd4 27. Be4
Rb2 28. Kh1 Qc5 29. Bxf4 e5 30. Bd5+ Kh8 31. Bg3 Qb5 32. Rxg7 Qxd5 33. Rxa7
Rcc2 34. Re7 Re2 35. Re1 Rbc2 36. Bxe5+ Kg8 37. Bxd4 Rxe7 38. Rxe7 Qxd4 39. Qe1
Qf6 40. Re8+ Kg7 41. Re7+ Kg8 42. Rd7 Qe5 43. Qd1 Qf5 44. h3 Qc5 45. Qf3 Rxf2
46. Qb3+ Kh8 47. Qb8+ Rf8 48. Qb2+ 1-0

[Event "13. Lichtenberger Sommer"]
[Site "?"]
[Date "2014.08.22"]
[Round "7.9"]
[White "Wiebe, Patrick"]
[Black "Heinig, Wolfram"]
[Result "1/2-1/2"]
[WhiteElo "2176"]
[BlackElo "2299"]
[PlyCount "40"]
[EventDate "2014.??.??"]
[WhiteTeam "SK Nordhorn-Blanke"]
[BlackTeam "SK Zehlendorf e.V."]

1. c4 Nf6 2. g3 g6 3. Bg2 Bg7 4. Nc3 O-O 5. d3 c5 6. e4 Nc6 7. Nge2 d6 8. O-O
Bd7 9. a3 Ne8 10. Re1 a5 11. f4 Nc7 12. f5 Rb8 13. a4 Ne5 14. Nf4 e6 15. fxe6
fxe6 16. Nb5 Nxb5 17. axb5 Qe7 18. Qe2 Rf7 19. Bd2 b6 20. h4 Rbf8 1/2-1/2

[Event "13. Lichtenberger Sommer"]
[Site "?"]
[Date "2014.08.22"]
[Round "7.10"]
[White "Vatter, Hans-Joachim"]
[Black "Lagunow, Raphael"]
[Result "1/2-1/2"]
[WhiteElo "2278"]
[BlackElo "2121"]
[PlyCount "45"]
[EventDate "2014.??.??"]
[WhiteTeam "SC Untergrombach 46"]
[BlackTeam "SK Zehlendorf e.V."]

1. e4 c5 2. Nf3 Nc6 3. d4 cxd4 4. Nxd4 g6 5. Nc3 Bg7 6. Nb3 Nf6 7. Be2 O-O 8.
O-O a5 9. a4 d6 10. Re1 Be6 11. Bf1 Bxb3 12. cxb3 Nb4 13. Nd5 e6 14. Nxb4 axb4
15. Bg5 h6 16. Bxf6 Bxf6 17. Qd2 Qb6 18. Qxh6 Bxb2 19. Rad1 Bg7 20. Qf4 Rfd8
21. Bc4 Rac8 22. Rc1 Qd4 23. Rcd1 1/2-1/2

[Event "13. Lichtenberger Sommer"]
[Site "?"]
[Date "2014.08.22"]
[Round "7.11"]
[White "Jaeschke, Jens-Uwe"]
[Black "Petersen, Soren Boeck"]
[Result "1/2-1/2"]
[WhiteElo "2130"]
[BlackElo "2256"]
[PlyCount "39"]
[EventDate "2014.??.??"]
[WhiteTeam "Sfr.Nord-Ost Berlin"]
[BlackTeam "Damhus Skakklub"]

1. d4 d5 2. Bf4 Nf6 3. e3 c5 4. c3 Nc6 5. Nd2 cxd4 6. exd4 Bf5 7. Ngf3 e6 8.
Be2 Bd6 9. Bxd6 Qxd6 10. O-O h6 11. Re1 O-O 12. Nf1 Rab8 13. Ng3 Bh7 14. Bd3 b5
15. a3 a5 16. Ne5 Bxd3 17. Qxd3 Ne7 18. Re3 b4 19. axb4 axb4 20. Rae1 1/2-1/2

[Event "13. Lichtenberger Sommer"]
[Site "?"]
[Date "2014.08.22"]
[Round "7.12"]
[White "Bankmann, Daniel"]
[Black "Rietze, Clemens"]
[Result "1/2-1/2"]
[WhiteElo "1931"]
[BlackElo "2274"]
[PlyCount "56"]
[EventDate "2014.??.??"]
[WhiteTeam "SC 1934 Gelnhausen"]
[BlackTeam "USV Potsdam e.V., Abt. Schach"]

1. e4 e5 2. Nc3 Nf6 3. f4 d5 4. fxe5 Nxe4 5. Qf3 Nc6 6. Bb5 Nxc3 7. dxc3 Be7 8.
Bf4 Be6 9. O-O-O Qd7 10. Qe3 a6 11. Be2 h6 12. Nf3 O-O-O 13. Kb1 Kb8 14. Rhf1
Qc8 15. h3 Rdg8 16. Bh2 g5 17. Nd4 Nxd4 18. cxd4 h5 19. c4 Rg7 20. Qb3 c6 21.
cxd5 Bxd5 22. Bc4 Bxc4 23. Qxc4 Qe6 24. d5 cxd5 25. Rxd5 g4 26. Rf6 Qc8 27.
Qxc8+ Kxc8 28. Rf2 Rh6 1/2-1/2

[Event "13. Lichtenberger Sommer"]
[Site "?"]
[Date "2014.08.22"]
[Round "7.13"]
[White "Stark, Ingo"]
[Black "Siebarth, Raiko"]
[Result "0-1"]
[WhiteElo "2134"]
[BlackElo "2252"]
[PlyCount "36"]
[EventDate "2014.??.??"]
[WhiteTeam "TSG Oberschöneweide e.V."]
[BlackTeam "SG Blau-Weiß Stadtilm"]

1. e4 e6 2. d4 d5 3. Nc3 dxe4 4. Nxe4 Nd7 5. Bd3 Ngf6 6. Qe2 Be7 7. Nf3 Nxe4 8.
Bxe4 O-O 9. c3 c5 10. Be3 Nf6 11. Bc2 Qc7 12. Ne5 Bd7 13. O-O-O Rfd8 14. Bf4
Qa5 15. Bg5 cxd4 16. Rxd4 Bb5 17. c4 Rxd4 18. cxb5 Qxa2 0-1

[Event "13. Lichtenberger Sommer"]
[Site "?"]
[Date "2014.08.22"]
[Round "7.14"]
[White "Lerch, Philipp"]
[Black "Keil, Uwe"]
[Result "1-0"]
[WhiteElo "2241"]
[BlackElo "2132"]
[PlyCount "93"]
[EventDate "2014.??.??"]
[WhiteTeam "SK König Tegel 1949 e.V."]
[BlackTeam "SC Friesen Lichtenberg e.V."]

1. e4 e5 2. Nf3 Nc6 3. Bb5 a6 4. Ba4 Nf6 5. d3 b5 6. Bb3 Be7 7. a4 Rb8 8. axb5
axb5 9. O-O O-O 10. Nc3 d6 11. Nd5 Nxd5 12. Bxd5 Bd7 13. Be3 Bf6 14. c3 Qe8 15.
Ra6 Ne7 16. Bb3 Ra8 17. Rxa8 Qxa8 18. Qc2 c5 19. Qb1 Bc6 20. Bc2 Ng6 21. d4 c4
22. d5 Bd7 23. Qa1 Qb7 24. Qa3 Be7 25. Ra1 Rb8 26. Qa7 f6 27. Nd2 Nf4 28. g3
Ng6 29. h4 Qc8 30. Bd1 Rb7 31. Qa8 Rb8 32. Qa6 Qc7 33. Be2 f5 34. exf5 Bxf5 35.
Bf3 Bd7 36. Qa7 Rb7 37. Qa8+ Rb8 38. Qa7 Rb7 39. Qa5 Qb8 40. Qa8 Qxa8 41. Rxa8+
Kf7 42. Ra6 Bf5 43. Be4 Bg4 44. f3 Bc8 45. Ra8 Rc7 46. Rb8 Bb7 47. Bb6 1-0

[Event "13. Lichtenberger Sommer"]
[Site "?"]
[Date "2014.08.22"]
[Round "7.15"]
[White "Vogel, Robert"]
[Black "Amelang, Thomas"]
[Result "1/2-1/2"]
[WhiteElo "2262"]
[BlackElo "2109"]
[PlyCount "69"]
[EventDate "2014.??.??"]
[WhiteTeam "SG Pang-Rosenheim 1910 e.V."]
[BlackTeam "SK Siemens München"]

1. d4 c5 2. d5 Nf6 3. c4 b5 4. cxb5 a6 5. bxa6 Bxa6 6. Nc3 d6 7. e4 Bxf1 8.
Kxf1 g6 9. Nf3 Bg7 10. h3 O-O 11. Kg1 Qb6 12. Kh2 Na6 13. Re1 Nc7 14. Re2 e6
15. Be3 exd5 16. exd5 Qb7 17. Rd2 Rfe8 18. Rc1 Ne4 19. Nxe4 Rxe4 20. b3 Nb5 21.
Qc2 Nc3 22. Qd3 Qb4 23. a4 c4 24. bxc4 Qxc4 25. Qxc4 Rxc4 26. Rdc2 Raxa4 27.
Ng1 Be5+ 28. g3 Ra3 29. Nf3 Bf6 30. Nd2 Rca4 31. Bh6 Ra8 32. Nc4 Rb3 33. Nxd6
Rd8 34. Re1 Rbb8 35. Ne4 1/2-1/2

[Event "13. Lichtenberger Sommer"]
[Site "?"]
[Date "2014.08.22"]
[Round "7.16"]
[White "Schmidt, Markus"]
[Black "Kalinitschew, Sergey"]
[Result "0-1"]
[WhiteElo "2097"]
[BlackElo "2409"]
[PlyCount "77"]
[EventDate "2014.??.??"]
[WhiteTeam "SK Turm Bad Hersfeld"]
[BlackTeam "SC Kreuzberg e.V."]

1. e4 c5 2. Nc3 Nc6 3. Nf3 g6 4. g3 Bg7 5. Bg2 d6 6. d3 e5 7. O-O Nge7 8. Be3
O-O 9. Qd2 f5 10. Nd5 Nxd5 11. exd5 Nd4 12. Bxd4 cxd4 13. c3 dxc3 14. bxc3 Bd7
15. Rab1 b6 16. Ng5 Bh6 17. h4 Bxg5 18. Qxg5 Qxg5 19. hxg5 Rac8 20. c4 f4 21.
Be4 Bf5 22. Rb4 Rc7 23. a4 Kg7 24. f3 Bh3 25. Ra1 fxg3 26. a5 bxa5 27. Rxa5
Rff7 28. Rab5 h6 29. c5 a6 30. Rb6 Rxc5 31. Rc4 Rfc7 32. Rxc5 Rxc5 33. Rc6 Rxc6
34. dxc6 a5 35. c7 a4 36. Bd5 hxg5 37. c8=Q Bxc8 38. Kg2 Kf6 39. Kxg3 0-1

[Event "13. Lichtenberger Sommer"]
[Site "?"]
[Date "2014.08.22"]
[Round "7.17"]
[White "Plump, Detlef"]
[Black "Zschäbitz, Klaus"]
[Result "0-1"]
[WhiteElo "2228"]
[BlackElo "2064"]
[PlyCount "74"]
[EventDate "2014.??.??"]
[BlackTeam "BSG 1827 Eckbauer e.V."]

1. e4 e6 2. d4 d5 3. Nc3 Bb4 4. e5 c5 5. a3 Bxc3+ 6. bxc3 Ne7 7. Nf3 b6 8. Bb5+
Bd7 9. Bd3 h6 10. a4 Qc7 11. O-O Nbc6 12. Re1 cxd4 13. Nxd4 Nxd4 14. cxd4 Qc3
15. Be3 Nf5 16. Qg4 Kf8 17. Red1 Qc8 18. a5 b5 19. Bd2 a6 20. Bb4+ Kg8 21. Bc5
Qd8 22. f4 Ne3 23. Qh5 Nxd1 24. Rxd1 Qxa5 25. Rf1 Rc8 26. Bd6 Rc3 27. f5 Rxd3
28. fxe6 Bxe6 29. cxd3 Qc3 30. Qh4 Qxd3 31. h3 Kh7 32. Rf3 Qe4 33. Qf2 Rc8 34.
Bc5 a5 35. Rf4 Qb1+ 36. Kh2 b4 37. Rh4 b3 0-1

[Event "13. Lichtenberger Sommer"]
[Site "?"]
[Date "2014.08.22"]
[Round "7.18"]
[White "Kollberg, Lothar"]
[Black "Kapp, Martin"]
[Result "0-1"]
[WhiteElo "2138"]
[BlackElo "2201"]
[PlyCount "134"]
[EventDate "2014.??.??"]
[WhiteTeam "SC Zugzwang 95 e.V."]
[BlackTeam "Schachverein Erzgebirge Stollber"]

1. d4 Nf6 2. c4 e6 3. Nc3 Bb4 4. e3 c5 5. Bd3 O-O 6. Nf3 b6 7. O-O Bb7 8. Na4
cxd4 9. exd4 Bd6 10. c5 Bc7 11. Bg5 Nc6 12. a3 Qb8 13. Bxf6 gxf6 14. Qe2 Ne7
15. g3 Kh8 16. Be4 Rg8 17. Bxb7 Qxb7 18. cxb6 axb6 19. Nc3 Nd5 20. Nxd5 Qxd5
21. Rad1 f5 22. Rfe1 f6 23. Nh4 f4 24. Qf3 Ra5 25. Qxd5 Rxd5 26. Rc1 Bb8 27.
Nf3 f5 28. Kf1 fxg3 29. hxg3 f4 30. gxf4 Bxf4 31. Rc2 h5 32. Re4 Rg4 33. Ke2
Bd6 34. Ke3 Kg7 35. Rc1 Rf5 36. Rh1 Bf4+ 37. Ke2 Bb8 38. Rg1 Rxg1 39. Nxg1 Rf4
40. Rxf4 Bxf4 41. a4 Bd6 42. Kf3 Kf6 43. Nh3 Kf5 44. b3 h4 45. Ng1 Bb4 46. Ne2
Bd2 47. Ng1 Be1 48. Ke2 Bc3 49. Kd3 Be1 50. Ke2 Bb4 51. Kf3 d5 52. Ne2 Bd2 53.
Ng1 Be1 54. Ne2 h3 55. Ng3+ Kg5 56. Ke2 Bc3 57. Kd3 Bb4 58. Ke3 Kg4 59. Ke2 h2
60. Ke3 Bd6 61. Nh1 Bf4+ 62. Ke2 Kh3 63. b4 Kg2 64. a5 bxa5 65. bxa5 Kxh1 66.
Kf1 Bb8 67. f4 Ba7 0-1

[Event "13. Lichtenberger Sommer"]
[Site "?"]
[Date "2014.08.22"]
[Round "7.19"]
[White "Rohde, Wolfgang"]
[Black "Püschel, Werner"]
[Result "1-0"]
[WhiteElo "2162"]
[BlackElo "2093"]
[PlyCount "99"]
[EventDate "2014.??.??"]
[WhiteTeam "SC Friesen Lichtenberg e.V."]
[BlackTeam "SG Lasker Steglitz-Wilmersdorf"]

1. c4 Nf6 2. Nf3 e6 3. g3 g6 4. Nc3 Bg7 5. Bg2 O-O 6. O-O d5 7. d4 c6 8. b3 Qa5
9. Qc2 Nbd7 10. Rd1 Re8 11. Bf4 Nh5 12. Bd2 Qd8 13. Bg5 Qa5 14. e4 h6 15. Be3
dxe4 16. Nxe4 Qc7 17. Rac1 Ndf6 18. Ne5 Nxe4 19. Bxe4 f5 20. Bg2 Kh7 21. f4 Nf6
22. Qf2 Qa5 23. Bf3 Rd8 24. h3 Bd7 25. g4 Be8 26. Kh2 Ng8 27. Rg1 Qc7 28. Qg3
Ne7 29. Rg2 Bxe5 30. fxe5 g5 31. Bg1 f4 32. Qe1 Bg6 33. h4 Kg7 34. h5 Bh7 35.
Rd2 Qa5 36. Qd1 Rd7 37. Qe2 Rad8 38. Bf2 b5 39. d5 bxc4 40. d6 Nd5 41. Rxc4 Nc3
42. Qe1 Nb1 43. Rb2 Qxe1 44. Bxe1 Na3 45. Rxc6 Nb5 46. Bf2 Na3 47. b4 Kf8 48.
b5 Rb8 49. Rc7 Rbd8 50. Bxa7 1-0

[Event "13. Lichtenberger Sommer"]
[Site "?"]
[Date "2014.08.22"]
[Round "7.20"]
[White "Sabrowski, Uwe"]
[Black "Simon, Ralf-Axel"]
[Result "0-1"]
[WhiteElo "2097"]
[BlackElo "2173"]
[PlyCount "65"]
[EventDate "2014.??.??"]
[WhiteTeam "SC Friesen Lichtenberg e.V."]
[BlackTeam "TSG Neuruppin"]

1. d4 d5 2. c4 c6 3. Nf3 Nf6 4. e3 Bf5 5. Nc3 a6 6. Qb3 b5 7. c5 a5 8. Ne5 a4
9. Qb4 Nfd7 10. Nxc6 Nxc6 11. Qxb5 Ndb8 12. Nxa4 g6 13. Bd2 Bg7 14. Nb6 Ra7 15.
Qb3 e5 16. dxe5 Bxe5 17. Bb5 O-O 18. O-O d4 19. Nc4 Bc7 20. Rad1 Qe7 21. Rfe1
Qxc5 22. a4 Rc8 23. Rc1 Qf8 24. exd4 Nxd4 25. Qe3 Nxb5 26. axb5 Rb7 27. b6 Bd8
28. Qe8 Bxb6 29. Qxf8+ Rxf8 30. Nd6 Rd7 31. Bf4 Be6 32. Ne4 f5 33. Ng5 0-1

[Event "13. Lichtenberger Sommer"]
[Site "?"]
[Date "2014.08.22"]
[Round "7.21"]
[White "Sappok, Marius"]
[Black "Brümmel, Arend"]
[Result "0-1"]
[WhiteElo "2003"]
[BlackElo "2132"]
[PlyCount "52"]
[EventDate "2014.??.??"]
[WhiteTeam "SC Zugzwang 95 e.V."]
[BlackTeam "Stader SV"]

1. Nf3 Nf6 2. g3 d5 3. Bg2 g6 4. O-O Bg7 5. c4 O-O 6. cxd5 Nxd5 7. d4 c5 8. e4
Nf6 9. Re1 cxd4 10. Nxd4 Qb6 11. Nb3 Ng4 12. Qe2 a5 13. Nc3 a4 14. Nd5 Qd8 15.
Nc5 Bd4 16. Nd3 Nc6 17. h3 Nge5 18. Nxe5 Bxe5 19. Bh6 Re8 20. Rad1 e6 21. Ne3
Nd4 22. Qd2 Qc7 23. Ng4 Bh8 24. Bg5 e5 25. Bf6 Bxg4 26. Rc1 Qd7 0-1